Master Handbook of Acoustics (Record no. 8794)
[ view plain ]
| 000 -LEADER | |
|---|---|
| fixed length control field | 00363nam a22001457a 4500 |
| 003 - CONTROL NUMBER IDENTIFIER | |
| control field | OSt |
| 005 - DATE AND TIME OF LATEST TRANSACTION | |
| control field | 20210108164853.0 |
| 008 - FIXED-LENGTH DATA ELEMENTS--GENERAL INFORMATION | |
| fixed length control field | 210108b ||||| |||| 00| 0 eng d |
| 020 ## - INTERNATIONAL STANDARD BOOK NUMBER | |
| International Standard Book Number | 9789385880025 |
| 082 ## - DEWEY DECIMAL CLASSIFICATION NUMBER | |
| Classification number | 620.2 |
| Item number | EVE |
| 245 ## - TITLE STATEMENT | |
| Title | Master Handbook of Acoustics |
| 250 ## - EDITION STATEMENT | |
| Edition statement | Fourth edition |
| 260 ## - PUBLICATION, DISTRIBUTION, ETC. (IMPRINT) | |
| Name of publisher, distributor, etc | Mcgraw hill education (India)private ltd., |
| 942 ## - ADDED ENTRY ELEMENTS (KOHA) | |
| Source of classification or shelving scheme | |
| Withdrawn status | Lost status | Source of classification or shelving scheme | Damaged status | Koha normalized classification for sorting | Not for loan | Permanent location | Current location | Date acquired | Full call number | Barcode | Date last seen | Price effective from | Koha item type | Total Checkouts | Date last borrowed |
|---|---|---|---|---|---|---|---|---|---|---|---|---|---|---|---|
| 729_290000000000000_EVE | BMS College of Architecture, Design and Planning | BMS College of Architecture, Design and Planning | 2021-01-08 | 729.29 EVE | AR-UG2056 | 2021-01-08 | 2021-01-08 | UG Books | |||||||
| 729_290000000000000_EVE | BMS College of Architecture, Design and Planning | BMS College of Architecture, Design and Planning | 2021-01-08 | 729.29 EVE | AR-UG2057 | 2025-02-10 | 2021-01-08 | UG Books | 1 | 2025-02-10 | |||||
| 729_290000000000000_EVE | BMS College of Architecture, Design and Planning | BMS College of Architecture, Design and Planning | 2021-01-08 | 729.29 EVE | AR-UG2058 | 2025-02-10 | 2021-01-08 | UG Books | 1 | 2025-02-10 |